<?xml version="1.0" encoding="UTF-8"?>
<record
    xmlns:xsi="http://www.w3.org/2001/XMLSchema-instance"
    xsi:schemaLocation="http://www.loc.gov/MARC21/slim http://www.loc.gov/standards/marcxml/schema/MARC21slim.xsd"
    xmlns="http://www.loc.gov/MARC21/slim">

  <leader>00910    a2200205   4500</leader>
  <datafield tag="999" ind1=" " ind2=" ">
    <subfield code="c">94790</subfield>
    <subfield code="d">94790</subfield>
  </datafield>
  <controlfield tag="005">20210329144530.0</controlfield>
  <controlfield tag="008">180807b        th ||||| |||| 00| 0 tha d</controlfield>
  <datafield tag="020" ind1=" " ind2=" ">
    <subfield code="a">9786167970509</subfield>
  </datafield>
  <datafield tag="040" ind1=" " ind2=" ">
    <subfield code="a">NALT</subfield>
  </datafield>
  <datafield tag="090" ind1=" " ind2=" ">
    <subfield code="a">KD 32/2560</subfield>
    <subfield code="b">&#xE23;355 2560</subfield>
  </datafield>
  <datafield tag="245" ind1="0" ind2="0">
    <subfield code="a">&#xE23;&#xE31;&#xE10;&#xE18;&#xE23;&#xE23;&#xE21;&#xE19;&#xE39;&#xE0D;&#xE41;&#xE2B;&#xE48;&#xE07;&#xE23;&#xE32;&#xE0A;&#xE2D;&#xE32;&#xE13;&#xE32;&#xE08;&#xE31;&#xE01;&#xE23;&#xE44;&#xE17;&#xE22; &#xE1E;&#xE38;&#xE17;&#xE18;&#xE28;&#xE31;&#xE01;&#xE23;&#xE32;&#xE0A; 2560 /</subfield>
    <subfield code="c">&#xE23;&#xE27;&#xE1A;&#xE23;&#xE27;&#xE21;&#xE42;&#xE14;&#xE22; &#xE44;&#xE1E;&#xE1A;&#xE39;&#xE25;&#xE22;&#xE4C; &#xE40;&#xE1B;&#xE35;&#xE22;&#xE28;&#xE34;&#xE23;&#xE34;.</subfield>
  </datafield>
  <datafield tag="250" ind1=" " ind2=" ">
    <subfield code="a">&#xE1E;&#xE34;&#xE21;&#xE1E;&#xE4C;&#xE04;&#xE23;&#xE31;&#xE49;&#xE07;&#xE41;&#xE23;&#xE01;</subfield>
  </datafield>
  <datafield tag="260" ind1=" " ind2=" ">
    <subfield code="a">&#xE09;&#xE30;&#xE40;&#xE0A;&#xE34;&#xE07;&#xE40;&#xE17;&#xE23;&#xE32; :</subfield>
    <subfield code="b">&#xE1E;&#xE35;&#xE40;&#xE2D;&#xE47;&#xE19;&#xE40;&#xE2D;&#xE47;&#xE19; &#xE21;&#xE35;&#xE40;&#xE14;&#xE35;&#xE22; &#xE01;&#xE23;&#xE38;&#xE4A;&#xE1B; &#xE1E;&#xE31;&#xE1A;&#xE25;&#xE34;&#xE0A;&#xE0A;&#xE34;&#xE48;&#xE07;,</subfield>
    <subfield code="c">2560.</subfield>
  </datafield>
  <datafield tag="300" ind1=" " ind2=" ">
    <subfield code="a">100 &#xE2B;&#xE19;&#xE49;&#xE32; ;</subfield>
    <subfield code="c">26 &#xE0B;&#xE21;.</subfield>
  </datafield>
  <datafield tag="650" ind1=" " ind2="4">
    <subfield code="9">5420</subfield>
    <subfield code="a">&#xE23;&#xE31;&#xE10;&#xE18;&#xE23;&#xE23;&#xE21;&#xE19;&#xE39;&#xE0D; </subfield>
    <subfield code="z">&#xE44;&#xE17;&#xE22;</subfield>
    <subfield code="y">2560</subfield>
  </datafield>
  <datafield tag="700" ind1="0" ind2=" ">
    <subfield code="a">&#xE44;&#xE1E;&#xE1A;&#xE39;&#xE25;&#xE22;&#xE4C; &#xE40;&#xE1B;&#xE35;&#xE22;&#xE28;&#xE34;&#xE23;&#xE34;</subfield>
    <subfield code="9">30025</subfield>
  </datafield>
  <datafield tag="850" ind1=" " ind2=" ">
    <subfield code="a">NALT</subfield>
  </datafield>
  <datafield tag="942" ind1=" " ind2=" ">
    <subfield code="2">local</subfield>
    <subfield code="c">LB</subfield>
  </datafield>
  <datafield tag="998" ind1=" " ind2=" ">
    <subfield code="j">109</subfield>
    <subfield code="k"> &#xE2D;&#xE32;&#xE23;&#xE35;&#xE23;&#xE31;&#xE15;&#xE19;&#xE4C; &#xE27;&#xE34;&#xE0A;&#xE32;&#xE0A;&#xE48;&#xE32;&#xE07;</subfield>
  </datafield>
  <datafield tag="952" ind1=" " ind2=" ">
    <subfield code="0">0</subfield>
    <subfield code="1">0</subfield>
    <subfield code="2">local</subfield>
    <subfield code="4">0</subfield>
    <subfield code="7">0</subfield>
    <subfield code="8">CLAW</subfield>
    <subfield code="a">NALT</subfield>
    <subfield code="b">NALT</subfield>
    <subfield code="d">2018-07-24</subfield>
    <subfield code="e">1</subfield>
    <subfield code="g">54.00</subfield>
    <subfield code="l">0</subfield>
    <subfield code="o">KD 32/2560 &#xE23;355 2560</subfield>
    <subfield code="p">3961208458</subfield>
    <subfield code="r">2018-08-22 00:00:00</subfield>
    <subfield code="t">&#xE09;.2</subfield>
    <subfield code="v">60.00</subfield>
    <subfield code="w">2018-07-24</subfield>
    <subfield code="y">LB</subfield>
  </datafield>
  <datafield tag="952" ind1=" " ind2=" ">
    <subfield code="0">0</subfield>
    <subfield code="1">0</subfield>
    <subfield code="2">local</subfield>
    <subfield code="4">0</subfield>
    <subfield code="7">0</subfield>
    <subfield code="8">CLAW</subfield>
    <subfield code="a">NALT</subfield>
    <subfield code="b">NALT</subfield>
    <subfield code="d">2018-07-24</subfield>
    <subfield code="e">1</subfield>
    <subfield code="g">54.00</subfield>
    <subfield code="l">0</subfield>
    <subfield code="o">KD 32/2560 &#xE23;355 2560</subfield>
    <subfield code="p">3961208457</subfield>
    <subfield code="r">2018-08-22 00:00:00</subfield>
    <subfield code="t">&#xE09;.1</subfield>
    <subfield code="v">60.00</subfield>
    <subfield code="w">2018-07-24</subfield>
    <subfield code="y">LB</subfield>
  </datafield>
</record>
